[Event "Titled Tuesday intern op 18th Jul Early"]
[Site "Chess.com INT"]
[Date "2023.07.18"]
[Round "1"]
[White "Namitbir, Singh Walia"]
[Black "Mischuk, Dmitry"]
[Result "1-0"]
[WhiteElo "2364"]
[BlackElo "2298"]
[PlyCount "51"]
[EventDate "2023.07.18"]
[EventType "swiss (blitz)"]
[EventRounds "11"]
[EventCountry "USA"]
[SourceTitle "EXT 2024"]
[Source "ChessBase"]
[SourceDate "2023.10.10"]
[SourceVersion "1"]
[SourceVersionDate "2023.10.10"]
[SourceQuality "1"]

1. e4 c5 2. Nf3 d6 3. d4 cxd4 4. Nxd4 Nf6 5. f3 e5 6. Nb3 d5 7. Bg5 Be6 8. Bxf6 gxf6 9. exd5 Qxd5 10. Qxd5 Bxd5 11. Nc3 Be6 12. 0-0-0 Nc6 13. Nd5 Bh6+ 14. Kb1 Rd8 15. Bc4 f5 16. Nc5 Nd4 17. Nc7+ Ke7 18. N7xe6 Nxe6 19. Nxb7 Rc8 20. Nd6 Rc6 21. Nxf5+ Kf6 22. Bxe6 Bf4 23. Bd7 Rc7 24. Rd6+ Kg5 25. h4+ Kh5 26. g4# 1-0

[Event "Malakhatko Memorial op"]
[Site "Chess.com INT"]
[Date "2023.06.14"]
[Round "6"]
[White "Mischuk, Dmitry"]
[Black "Vysochin, Spartak"]
[Result "1/2-1/2"]
[WhiteElo "2298"]
[BlackElo "2512"]
[PlyCount "122"]
[EventDate "2023.06.14"]
[EventType "swiss (blitz)"]
[EventRounds "11"]
[EventCountry "USA"]
[SourceTitle "CBM 214 Extra"]
[Source "ChessBase"]
[SourceDate "2023.07.31"]
[SourceVersion "1"]
[SourceVersionDate "2023.07.31"]
[SourceQuality "1"]

1. d4 d5 2. c4 c6 3. Nc3 Nf6 4. e3 Bf5 5. cxd5 cxd5 6. Qb3 Nc6 7. Qxb7 Bd7 8. Qb3 Rb8 9. Qd1 e5 10. dxe5 Nxe5 11. Nf3 Nxf3+ 12. gxf3 Bc5 13. Be2 0-0 14. 0-0 Bh3 15. Re1 d4 16. exd4 Bxd4 17. Be3 Bxe3 18. Qxd8 Bxf2+ 19. Kxf2 Rfxd8 20. Rad1 Rdc8 21. Rd2 Be6 22. Rc1 Rc5 23. Rcd1 g6 24. Rd8+ Rxd8 25. Rxd8+ Kg7 26. Rd4 g5 27. h4 gxh4 28. Rxh4 h5 29. Ra4 a5 30. Bb5 h4 31. Rxh4 Bxa2 32. Ra4 Be6 33. Bd3 Rh5 34. Ke3 Rh2 35. Rxa5 Rxb2 36. Rg5+ Kf8 37. Rc5 Rb3 38. Ne4 Nd5+ 39. Kd4 Nf4 40. Rc3 Rb4+ 41. Ke5 Nd5 42. Ra3 Kg7 43. Nc5 Nf4 44. Be4 Rb5 45. Kd6 Rb6+ 46. Kc7 Rb5 47. Kd6 Rb6+ 48. Kc7 Rb2 49. Kd6 Rd2+ 50. Ke5 Ng6+ 51. Bxg6 Kxg6 52. Nxe6 Re2+ 53. Kf4 fxe6 54. Ra5 Kf6 55. Kg3 e5 56. Ra4 Kf5 57. Rh4 Ra2 58. Rh5+ Kf6 59. Rh4 Ra3 60. Re4 Kf5 61. Rg4 Kf6 1/2-1/2

[Event "Malakhatko Memorial op"]
[Site "Chess.com INT"]
[Date "2023.06.14"]
[Round "8"]
[White "Mischuk, Dmitry"]
[Black "Yurovskich, Oleksandr"]
[Result "1/2-1/2"]
[WhiteElo "2298"]
[BlackElo "2328"]
[PlyCount "32"]
[EventDate "2023.06.14"]
[EventType "swiss (blitz)"]
[EventRounds "11"]
[EventCountry "USA"]
[SourceTitle "CBM 214 Extra"]
[Source "ChessBase"]
[SourceDate "2023.07.31"]
[SourceVersion "1"]
[SourceVersionDate "2023.07.31"]
[SourceQuality "1"]

1. d4 d5 2. c4 dxc4 3. Nf3 Nf6 4. e3 e6 5. Bxc4 c5 6. 0-0 Nc6 7. dxc5 Bxc5 8. Qxd8+ Kxd8 9. Rd1+ Ke7 10. a3 b6 11. b4 Bd6 12. Bb2 Bb7 13. Nc3 Rac8 14. Be2 Rhd8 15. h3 g6 16. Kf1 h5 1/2-1/2

[Event "Titled Tuesday intern op 30th May Early"]
[Site "Chess.com INT"]
[Date "2023.05.30"]
[Round "7"]
[White "Mischuk, Dmitry"]
[Black "Narayanan, Srinath"]
[Result "0-1"]
[WhiteElo "2298"]
[BlackElo "2559"]
[PlyCount "62"]
[EventDate "2023.05.30"]
[EventType "swiss (blitz)"]
[EventRounds "11"]
[EventCountry "USA"]
[SourceTitle "CBM 214 Extra"]
[Source "ChessBase"]
[SourceDate "2023.07.31"]
[SourceVersion "1"]
[SourceVersionDate "2023.07.31"]
[SourceQuality "1"]

1. d4 Nf6 2. c4 e6 3. Nc3 Bb4 4. Bd2 b6 5. e3 Bb7 6. Nf3 Bxc3 7. Bxc3 Ne4 8. Rc1 d6 9. Be2 Nd7 10. 0-0 0-0 11. Be1 f5 12. Nd2 Qg5 13. Nxe4 fxe4 14. b4 Rf6 15. c5 bxc5 16. dxc5 Bd5 17. cxd6 cxd6 18. Bc3 Rg6 19. g3 Rf8 20. a4 Qf5 21. Bh5 Rg5 22. Be2 Qh3 23. Bd4 Rf3 24. Rc8+ Nf8 25. Rc7 e5 26. Bxe5 Rxe5 27. Qd4 Ne6 28. Rc8+ Kf7 29. Qxa7+ Kg6 30. Rg8 Rh5 31. Rxg7+ Nxg7 0-1

[Event "Titled Tuesday intern op 30th May Early"]
[Site "Chess.com INT"]
[Date "2023.05.30"]
[Round "6"]
[White "Mischuk, Dmitry"]
[Black "Stankovic, Boris"]
[Result "1-0"]
[WhiteElo "2298"]
[BlackElo "2199"]
[PlyCount "135"]
[EventDate "2023.05.30"]
[EventType "swiss (blitz)"]
[EventRounds "11"]
[EventCountry "USA"]
[SourceTitle "CBM 214 Extra"]
[Source "ChessBase"]
[SourceDate "2023.07.31"]
[SourceVersion "1"]
[SourceVersionDate "2023.07.31"]
[SourceQuality "1"]

1. d4 Nf6 2. c4 e6 3. Nf3 d5 4. g3 Bb4+ 5. Nbd2 a5 6. Bg2 0-0 7. 0-0 dxc4 8. Nxc4 b5 9. Nfe5 Ra6 10. Ne3 Bd6 11. Qc2 c5 12. Rd1 cxd4 13. Rxd4 Qe7 14. Nf3 Bb7 15. Bd2 Rc8 16. Qd1 Bc5 17. Rh4 Rd6 18. Qe1 a4 19. Rc1 Na6 20. Bc3 Ne4 21. Be5 Rdd8 22. Bc3 b4 23. Bd2 Nxd2 24. Nxd2 Bxe3 25. fxe3 Bxg2 26. Kxg2 Qd6 27. Nf3 Qd5 28. b3 axb3 29. axb3 Qxb3 30. Ra1 Nc5 31. Rxb4 Qxe3 32. Qf2 Qxf2+ 33. Kxf2 Rd7 34. Rab1 f6 35. h4 Rdc7 36. Ke3 Nd7 37. R4b3 Rc3+ 38. Rxc3 Rxc3+ 39. Kf2 Kf7 40. Rb7 Ke7 41. Nd4 Rc5 42. Ke3 Kd6 43. Ra7 Rc3+ 44. Kf2 Rc1 45. Nb5+ Ke7 46. Nd4 e5 47. Nf5+ Ke6 48. Nxg7+ Kd6 49. Nf5+ Ke6 50. Ne3 Nc5 51. Kf3 f5 52. Rxh7 Rc3 53. Rh6+ Kf7 54. Rc6 Ke7 55. Kg2 f4 56. Nd5+ Kd7 57. Rc7+ Kd6 58. Nxc3 Kxc7 59. gxf4 exf4 60. Kf3 Ne6 61. Nd5+ Kd6 62. Nxf4 Ng7 63. Kg4 Ke5 64. Kg5 Nf5 65. h5 Ng3 66. h6 Ne4+ 67. Kg6 Kxf4 68. h7 1-0

[Event "Titled Tuesday intern op 07th Feb Early"]
[Site "Chess.com INT"]
[Date "2023.02.07"]
[Round "2"]
[White "Lorenzo de la Riva, Lazaro"]
[Black "Mischuk, Dmitry"]
[Result "1-0"]
[WhiteElo "2419"]
[BlackElo "2298"]
[PlyCount "117"]
[EventDate "2023.02.07"]
[EventType "swiss (blitz)"]
[EventRounds "11"]
[EventCountry "USA"]
[SourceTitle "EXT 2024"]
[Source "ChessBase"]
[SourceDate "2023.10.10"]
[SourceVersion "1"]
[SourceVersionDate "2023.10.10"]
[SourceQuality "1"]

1. e4 c5 2. Nf3 d6 3. d4 cxd4 4. Nxd4 Nf6 5. Nc3 g6 6. Be3 Bg7 7. f3 0-0 8. Qd2 Nc6 9. Bc4 Nxd4 10. Bxd4 Be6 11. Bb3 Qa5 12. 0-0-0 b5 13. Kb1 b4 14. Ne2 Bxb3 15. cxb3 e5 16. Be3 Rfd8 17. Bg5 d5 18. Bxf6 Bxf6 19. exd5 Rd7 20. Ng3 Rad8 21. Ne4 Bg7 22. g4 Rxd5 23. Qe2 h6 24. h4 f5 25. gxf5 gxf5 26. Ng3 Rxd1+ 27. Rxd1 Rxd1+ 28. Qxd1 e4 29. f4 Qc5 30. Nh5 Qd4 31. Qxd4 Bxd4 32. Ng3 Bf2 33. Nxf5 e3 34. Nd4 Bxh4 35. Kc2 Bf6 36. Ne2 Kf7 37. Kd3 Bxb2 38. Kxe3 Kf6 39. Ke4 h5 40. Ng1 Kg6 41. Nf3 Bf6 42. f5+ Kh6 43. Kd5 h4 44. Ke6 Kg7 45. Nh2 h3 46. Ng4 Bh4 47. f6+ Kf8 48. f7 Bd8 49. Ne5 Kg7 50. Nd7 h2 51. f8Q+ Kg6 52. Qf1 Bc7 53. Qh1 Kg5 54. Kd5 Kf4 55. Kc6 Bd8 56. Nc5 Ke3 57. Na6 Bh4 58. Qxh2 Bg3 59. Qxg3+ 1-0

[Event "Titled Tuesday intern op 27th Dec Early"]
[Site "Chess.com INT"]
[Date "2022.12.27"]
[Round "5"]
[White "Cnejev, Vladimir Alexandru"]
[Black "Mischuk, Dmitry"]
[Result "1-0"]
[WhiteElo "2268"]
[BlackElo "2298"]
[PlyCount "73"]
[EventDate "2022.12.27"]
[EventType "swiss (blitz)"]
[EventRounds "11"]
[EventCountry "USA"]
[SourceTitle "EXT 2024"]
[Source "ChessBase"]
[SourceDate "2023.10.10"]
[SourceVersion "1"]
[SourceVersionDate "2023.10.10"]
[SourceQuality "1"]

1. e4 c5 2. Nf3 d6 3. Bb5+ Nd7 4. 0-0 a6 5. Bd3 e6 6. Re1 Ngf6 7. c3 Be7 8. Bc2 0-0 9. d4 e5 10. dxe5 dxe5 11. c4 b5 12. b3 b4 13. Nbd2 Bb7 14. Nf1 Qc7 15. Bg5 h6 16. Bh4 Rad8 17. Qe2 Rfe8 18. Rad1 Nb8 19. Bxf6 Bxf6 20. Ne3 Nc6 21. Nd5 Qd6 22. Nxb4 Nd4 23. Nxd4 exd4 24. Nd5 Be5 25. g3 g6 26. f4 Bg7 27. e5 Qd7 28. Be4 a5 29. Nb6 Qc7 30. Bxb7 Qxb6 31. Bd5 Re7 32. Qd3 Kh8 33. g4 g5 34. e6 fxe6 35. Qg6 Rf8 36. Be4 Rf6 37. Qh7# 1-0

[Event "Titled Tuesday intern op 20th Dec Early"]
[Site "Chess.com INT"]
[Date "2022.12.20"]
[Round "7"]
[White "Berezin, Viktor1111"]
[Black "Mischuk, Dmitry"]
[Result "1/2-1/2"]
[WhiteElo "2307"]
[BlackElo "2298"]
[PlyCount "107"]
[EventDate "2022.12.20"]
[EventType "swiss (blitz)"]
[EventRounds "11"]
[EventCountry "USA"]
[SourceTitle "EXT 2024"]
[Source "ChessBase"]
[SourceDate "2023.10.10"]
[SourceVersion "1"]
[SourceVersionDate "2023.10.10"]
[SourceQuality "1"]

1. d4 d5 2. c4 e6 3. Nf3 c5 4. cxd5 exd5 5. Nc3 Nf6 6. g3 Nc6 7. Bg2 Be7 8. 0-0 0-0 9. Bg5 c4 10. Ne5 Be6 11. f4 Ng4 12. Nxg4 Bxg4 13. Bxe7 Nxe7 14. h3 Be6 15. g4 f5 16. e3 b5 17. b4 a5 18. a3 Qd7 19. g5 Ra6 20. Rf2 Rfa8 21. Rfa2 axb4 22. axb4 Rxa2 23. Rxa2 Rxa2 24. Nxa2 Qa7 25. Nc3 Qa3 26. Nxb5 Qxe3+ 27. Kh1 Ng6 28. Nc7 Nxf4 29. Qa4 h6 30. Qe8+ Kh7 31. g6+ Nxg6 32. Qxe6 Qxe6 33. Nxe6 c3 34. Nc5 Nf4 35. Bf1 c2 36. Nb3 Ne6 37. b5 Nxd4 38. Nc1 Kg6 39. Kg2 Kf6 40. Kg3 Ke5 41. b6 Nc6 42. Bd3 g5 43. Bxc2 h5 44. h4 gxh4+ 45. Kxh4 Kd6 46. Nb3 Nb4 47. Bxf5 Kc6 48. Kxh5 Kxb6 49. Kg4 Kb5 50. Kf3 Kc4 51. Nd2+ Kc3 52. Nf1 d4 53. Ne3 dxe3 54. Kxe3 1/2-1/2

[Event "Titled Tuesday intern op 20th Dec Early"]
[Site "Chess.com INT"]
[Date "2022.12.20"]
[Round "4"]
[White "Kiltti, Jyrki"]
[Black "Mischuk, Dmitry"]
[Result "0-1"]
[WhiteElo "2199"]
[BlackElo "2298"]
[PlyCount "58"]
[EventDate "2022.12.20"]
[EventType "swiss (blitz)"]
[EventRounds "11"]
[EventCountry "USA"]
[SourceTitle "EXT 2024"]
[Source "ChessBase"]
[SourceDate "2023.10.10"]
[SourceVersion "1"]
[SourceVersionDate "2023.10.10"]
[SourceQuality "1"]

1. Nc3 d5 2. f4 d4 3. Ne4 Nf6 4. d3 Nxe4 5. dxe4 e5 6. Nf3 Nc6 7. e3 Bb4+ 8. Bd2 dxe3 9. Bxb4 Nxb4 10. Qxd8+ Kxd8 11. 0-0-0+ Ke7 12. Nxe5 Nxa2+ 13. Kb1 Nb4 14. Bc4 f6 15. Nf3 Bg4 16. Rhe1 Rad8 17. Bd3 c5 18. Kc1 Bxf3 19. gxf3 Rd4 20. Rxe3 Rhd8 21. Rg1 g6 22. Be2 Rd2 23. c3 Nc2 24. Rd3 Rxe2 25. Rxd8 Kxd8 26. Rd1+ Ke7 27. Rd2 Rxd2 28. Kxd2 Na1 29. Kd3 b5 0-1

[Event "Titled Tuesday intern op 20th Dec Early"]
[Site "Chess.com INT"]
[Date "2022.12.20"]
[Round "5"]
[White "Mischuk, Dmitry"]
[Black "Boros, Denes"]
[Result "0-1"]
[WhiteElo "2298"]
[BlackElo "2402"]
[PlyCount "106"]
[EventDate "2022.12.20"]
[EventType "swiss (blitz)"]
[EventRounds "11"]
[EventCountry "USA"]
[SourceTitle "EXT 2024"]
[Source "ChessBase"]
[SourceDate "2023.10.10"]
[SourceVersion "1"]
[SourceVersionDate "2023.10.10"]
[SourceQuality "1"]

1. e4 g6 2. d4 d5 3. exd5 Qxd5 4. Nc3 Qd6 5. Nf3 Bg7 6. g3 Bg4 7. Bf4 Qe6+ 8. Be3 Nh6 9. h3 Bxf3 10. Qxf3 c6 11. 0-0-0 Nf5 12. d5 cxd5 13. Nxd5 0-0 14. Bc4 Nc6 15. Rhe1 Ne5 16. Qe2 Nxe3 17. Nxe3 Nxc4 18. Nxc4 Qxh3 19. Qxe7 Qf5 20. Re2 Bf6 21. Qxb7 Rab8 22. Qd5 Qc8 23. c3 Qa6 24. a3 Rbc8 25. Re4 Bg7 26. Nd6 Rcd8 27. Qc5 Rd7 28. Nb5 Rb7 29. Nd4 Rfb8 30. Rd2 Bf8 31. Qd5 Qf1+ 32. Rd1 Qxf2 33. Re2 Qxg3 34. Rc2 Qg4 35. Nc6 Re8 36. Nd4 Rbe7 37. Qa5 h5 38. Qa4 Bh6+ 39. Rcd2 Re1 40. Kc2 Bxd2 41. Rxd2 Qe4+ 42. Kb3 Qd5+ 43. Kc2 h4 44. Qxa7 Rg1 45. Nc6 Qf5+ 46. Kb3 Rg4 47. Nd4 Qd5+ 48. Kc2 h3 49. Qc7 Rg2 50. Qf4 Qe4+ 51. Qxe4 Rxe4 52. Nf3 Re3 53. Nh2 Ree2 0-1

[Event "Titled Tuesday intern op 20th Dec Early"]
[Site "Chess.com INT"]
[Date "2022.12.20"]
[Round "2"]
[White "Rodrigues Mota, Romulo Cardoso S"]
[Black "Mischuk, Dmitry"]
[Result "1/2-1/2"]
[WhiteElo "2002"]
[BlackElo "2298"]
[PlyCount "67"]
[EventDate "2022.12.20"]
[EventType "swiss (blitz)"]
[EventRounds "11"]
[EventCountry "USA"]
[SourceTitle "EXT 2024"]
[Source "ChessBase"]
[SourceDate "2023.10.10"]
[SourceVersion "1"]
[SourceVersionDate "2023.10.10"]
[SourceQuality "1"]

1. e4 c5 2. Nf3 d6 3. d4 cxd4 4. Nxd4 Nf6 5. Nc3 g6 6. Be3 Bg7 7. Bc4 0-0 8. f3 Nc6 9. Qd2 Nxd4 10. Bxd4 Be6 11. Bxe6 fxe6 12. 0-0-0 Qa5 13. Kb1 Nd7 14. Bxg7 Kxg7 15. h4 Rac8 16. h5 gxh5 17. g4 Rxc3 18. Rxh5 Rc5 19. Qxa5 Rxa5 20. Rxa5 Rxf3 21. Rxa7 Nc5 22. e5 dxe5 23. b4 Ne4 24. Rxb7 Nc3+ 25. Kc1 Nxd1 26. Kxd1 Kf6 27. a4 Ra3 28. a5 e4 29. Rb5 e5 30. Ke2 Rc3 31. Kd2 Ra3 32. Ke2 Rc3 33. Kd2 Ra3 34. Ke2 1/2-1/2

[Event "Titled Tuesday intern op 25th Jan"]
[Site "Chess.com INT"]
[Date "2022.01.25"]
[Round "7"]
[White "Mischuk, Dmitry"]
[Black "Heinemann, Josefine"]
[Result "1-0"]
[WhiteElo "2298"]
[BlackElo "2315"]
[PlyCount "85"]
[EventDate "2022.01.25"]
[EventType "swiss (blitz)"]
[EventRounds "11"]
[EventCountry "USA"]
[SourceTitle "CBM 206 Extra"]
[Source "ChessBase"]
[SourceDate "2022.03.31"]
[SourceVersion "1"]
[SourceVersionDate "2022.03.31"]
[SourceQuality "1"]

1. e4 e5 2. Nc3 Nf6 3. f4 d5 4. fxe5 Nxe4 5. d3 Nxc3 6. bxc3 d4 7. Nf3 dxc3 8. d4 Bg4 9. Bc4 Be7 10. h3 Bh5 11. 0-0 0-0 12. Be3 c6 13. Qd3 Nd7 14. Qxc3 Nb6 15. e6 Nxc4 16. Qxc4 f6 17. Qb3 Qc7 18. c4 Rad8 19. Rad1 b6 20. d5 cxd5 21. cxd5 Bd6 22. Rc1 Qe7 23. Nd4 Be8 24. Nf5 Qb7 25. Rcd1 Bh5 26. Rd2 Rfe8 27. Bd4 Bg6 28. Nxg7 Qxg7 29. Bxf6 Qh6 30. Re2 Rc8 31. Qf3 Qh5 32. g4 Qh6 33. h4 Qf8 34. h5 Bc2 35. g5 Be7 36. Rg2 Bc5+ 37. Kh1 Ba4 38. g6 h6 39. g7 Qd6 40. Qf4 Qxd5 41. Qxh6 Qxg2+ 42. Kxg2 Bc6+ 43. Kh3 1-0

[Event "Titled Tuesday intern op 14th Dec"]
[Site "Chess.com INT"]
[Date "2021.12.14"]
[Round "3"]
[White "Mischuk, Dmitry"]
[Black "Sarkar, Justin"]
[Result "1-0"]
[WhiteElo "2288"]
[BlackElo "2321"]
[PlyCount "47"]
[EventDate "2021.12.14"]
[EventType "swiss (blitz)"]
[EventRounds "11"]
[EventCountry "USA"]
[SourceTitle "EXT 2023"]
[Source "ChessBase"]
[SourceDate "2022.10.05"]
[SourceVersion "1"]
[SourceVersionDate "2022.10.05"]
[SourceQuality "1"]

1. e4 c5 2. Nf3 e6 3. d4 cxd4 4. Nxd4 Bc5 5. Nb3 Bb6 6. Bd3 Nc6 7. 0-0 Nf6 8. c4 d6 9. Nc3 0-0 10. Qe2 h6 11. Rd1 Ne5 12. Na4 Bd7 13. Nxb6 Qxb6 14. Be3 Qc7 15. f3 Rac8 16. Rac1 Nxd3 17. Qxd3 Ba4 18. Qxd6 Rfd8 19. Qxc7 Rxd1+ 20. Rxd1 Rxc7 21. Rc1 Nd7 22. Nd4 Ne5 23. b3 Bd7 24. Rd1 1-0

[Event "Tudoriv Stadnyk Memorial"]
[Site "Tudoriv"]
[Date "2021.12.09"]
[Round "8"]
[White "Hulka, Valentyn"]
[Black "Mischuk, Dmitry"]
[Result "1/2-1/2"]
[WhiteElo "2182"]
[BlackElo "2288"]
[PlyCount "21"]
[EventDate "2021.12.05"]
[EventType "tourn"]
[EventRounds "10"]
[EventCountry "UKR"]
[EventCategory "2"]
[SourceTitle "CBM 205 Extra"]
[Source "ChessBase"]
[SourceDate "2022.01.31"]
[SourceVersion "1"]
[SourceVersionDate "2022.01.31"]
[SourceQuality "1"]

1. e4 e6 2. d4 d5 3. Nc3 Bb4 4. Bd2 dxe4 5. Qg4 Nf6 6. Qxg7 Rg8 7. Qh6 Rg6 8. Qh4 Rg4 9. Qh6 Rg6 10. Qh4 Rg4 11. Qh6 1/2-1/2

[Event "Tudoriv Stadnyk Memorial"]
[Site "Tudoriv"]
[Date "2021.12.06"]
[Round "2"]
[White "Babiy, Igor"]
[Black "Mischuk, Dmitry"]
[Result "1/2-1/2"]
[WhiteElo "2260"]
[BlackElo "2288"]
[PlyCount "39"]
[EventDate "2021.12.05"]
[EventType "tourn"]
[EventRounds "10"]
[EventCountry "UKR"]
[EventCategory "2"]
[SourceTitle "CBM 205 Extra"]
[Source "ChessBase"]
[SourceDate "2022.01.31"]
[SourceVersion "1"]
[SourceVersionDate "2022.01.31"]
[SourceQuality "1"]

1. Nf3 d5 2. g3 g6 3. Bg2 Bg7 4. 0-0 Nf6 5. c4 c6 6. b3 Ne4 7. d4 0-0 8. Bb2 Bf5 9. e3 Nd7 10. Nc3 Nxc3 11. Bxc3 Be4 12. Qe2 e6 13. Bh3 Bxf3 14. Qxf3 a5 15. Rfc1 Nf6 16. Qe2 Ne4 17. Bb2 Re8 18. Bg2 Nd6 19. Qc2 Qd7 20. Rd1 1/2-1/2

[Event "Tashkent President op 1st"]
[Site "Tashkent"]
[Date "2021.11.14"]
[Round "5"]
[White "Sivuk, Vitaly"]
[Black "Mischuk, Dmitry"]
[Result "1-0"]
[WhiteElo "2526"]
[BlackElo "2330"]
[PlyCount "77"]
[EventDate "2021.11.12"]
[EventType "swiss"]
[EventRounds "10"]
[EventCountry "UZB"]
[SourceTitle "CBM 205 Extra"]
[Source "ChessBase"]
[SourceDate "2022.01.31"]
[SourceVersion "1"]
[SourceVersionDate "2022.01.31"]
[SourceQuality "1"]

1. d4 d5 2. c4 e6 3. Nf3 c5 4. cxd5 exd5 5. g3 Nc6 6. Bg2 Nf6 7. 0-0 Be7 8. dxc5 Bxc5 9. Bg5 0-0 10. Nc3 d4 11. Bxf6 Qxf6 12. Nd5 Qd8 13. Nd2 Re8 14. Rc1 Bf8 15. Nf4 Bg4 16. h3 Bf5 17. Qb3 Rb8 18. a3 g5 19. g4 Bd6 20. Nh5 Bg6 21. Qf3 Bxh5 22. gxh5 Bf4 23. Rcd1 Qe7 24. Ne4 Rbd8 25. e3 dxe3 26. fxe3 Rxd1 27. Rxd1 Be5 28. b4 Rd8 29. Rf1 Bg7 30. h6 Bxh6 31. Qh5 Bg7 32. Nxg5 h6 33. Nxf7 Qxe3+ 34. Kh1 Rd4 35. Qc5 Kh7 36. Nd6 Be5 37. Nf5 Qg5 38. Nxd4 Nxd4 39. Be4+ 1-0

[Event "Titled Tuesday intern op 19th Oct"]
[Site "Chess.com INT"]
[Date "2021.10.19"]
[Round "5"]
[White "Mischuk, Dmitry"]
[Black "Nguyen, Ngoc Truong Son"]
[Result "1/2-1/2"]
[WhiteElo "2347"]
[BlackElo "2641"]
[PlyCount "115"]
[EventDate "2021.10.19"]
[EventType "swiss (blitz)"]
[EventRounds "11"]
[EventCountry "USA"]
[SourceTitle "CBM 204 Extra"]
[Source "ChessBase"]
[SourceDate "2021.11.30"]
[SourceVersion "1"]
[SourceVersionDate "2021.11.30"]
[SourceQuality "1"]

1. e4 e5 2. Nf3 Nf6 3. Nxe5 d6 4. Nf3 Nxe4 5. c4 Nf6 6. Nc3 g6 7. d4 Bg7 8. Bd3 0-0 9. 0-0 Bg4 10. h3 Bxf3 11. Qxf3 Nc6 12. Be3 Nd7 13. Qf4 Qf6 14. Qxf6 Bxf6 15. Nd5 Bxd4 16. Bxd4 Nxd4 17. Nxc7 Rac8 18. Nd5 Kg7 19. b3 Rfe8 20. Rad1 Nc5 21. Bxg6 Ne2+ 22. Kh2 hxg6 23. g3 Ne6 24. Rd2 N2d4 25. Kg2 Nc6 26. Rfd1 Nc5 27. Nc3 Ne4 28. Nxe4 Rxe4 29. Rxd6 Re2 30. R1d2 Rxd2 31. Rxd2 Rc7 32. Kf3 Kf6 33. h4 Ne5+ 34. Kf4 Ke6 35. g4 f6 36. Rd5 b6 37. f3 Rh7 38. Kg3 f5 39. Rd8 fxg4 40. fxg4 Rf7 41. Re8+ Kd6 42. h5 g5 43. Rg8 Rf3+ 44. Kg2 Rf4 45. Rxg5 Rxg4+ 46. Rxg4 Nxg4 47. Kf3 Nf6 48. h6 Ke5 49. b4 Kf5 50. c5 bxc5 51. bxc5 Ke6 52. Kf4 Kd5 53. Kf5 Nh7 54. Kg6 Nf8+ 55. Kf7 Nh7 56. Kg6 Nf8+ 57. Kf7 Nh7 58. Kg6 1/2-1/2

[Event "Titled Tuesday intern op 19th Oct"]
[Site "Chess.com INT"]
[Date "2021.10.19"]
[Round "4"]
[White "Vokhidov, Shamsiddin"]
[Black "Mischuk, Dmitry"]
[Result "0-1"]
[WhiteElo "2521"]
[BlackElo "2347"]
[PlyCount "102"]
[EventDate "2021.10.19"]
[EventType "swiss (blitz)"]
[EventRounds "11"]
[EventCountry "USA"]
[SourceTitle "CBM 204 Extra"]
[Source "ChessBase"]
[SourceDate "2021.11.30"]
[SourceVersion "1"]
[SourceVersionDate "2021.11.30"]
[SourceQuality "1"]

1. e4 e6 2. Nc3 d5 3. d4 Bb4 4. Nge2 dxe4 5. a3 Bxc3+ 6. Nxc3 Nc6 7. d5 exd5 8. Qxd5 Be6 9. Qxe4 Nf6 10. Qh4 Qd4 11. Bg5 Qxh4 12. Bxh4 0-0-0 13. Bxf6 gxf6 14. Bd3 Ne5 15. 0-0-0 Nxd3+ 16. Rxd3 Rxd3 17. cxd3 Rg8 18. g3 f5 19. Re1 h5 20. Ne2 h4 21. Nf4 Kd7 22. d4 c6 23. Kd2 Rh8 24. h3 Kd6 25. Ke3 a5 26. Rc1 a4 27. Rg1 Bd7 28. gxh4 Rxh4 29. Rg7 Be6 30. Rg8 b5 31. Rd8+ Ke7 32. Rg8 Kd6 33. Rg7 Rh8 34. f3 Ke7 35. Rg1 Kf6 36. Rc1 Bd7 37. d5 cxd5 38. Nxd5+ Ke5 39. Nf4 Rh4 40. Rc5+ Kd6 41. Rd5+ Kc6 42. Rd4 Rh8 43. Nd3 Be6 44. h4 Rh7 45. Nf4 Rh8 46. h5 Kc5 47. Nd3+ Kc6 48. Rh4 Kd6 49. Kf4 Ke7 50. Ke5 Rd8 51. Nf4 f6# 0-1